000 00843nam a2200301Ia 4500
003 OSt
005 20221006143400.0
006 a|||||r|||| 00| 0
007 ta
008 221006b |||||||| |||| 00| 0 eng d
020 _c
_20.00
024 _a8,809
037 _cTextual
040 _aEASL
_cEASL
_beng
041 _2eng
_aeng
082 _aW,1-8v42.N3, L4
100 _aTITUS David Anson
_9649749
245 0 _aPalace and politics in prewar Japan
260 _aNew York
_bColumbia University
_c1974
300 _a376p.
_ccm.
490 _v RS
650 _a Japan - Constitutional History
_9649750
650 _a Japan - Politics and government
_9648506
650 _a JEL
650 _aJapan - Emperors
_9649751
942 _hW,1-8v42.N3, L4
_cTEXL
_2CC
999 _c1076895
_d1076895